| 000 -LEADER |
| fixed length control field |
00773nam a2200241 a 4500 |
| 001 - CONTROL NUMBER |
| control field |
17248 |
| 003 - CONTROL NUMBER IDENTIFIER |
| control field |
BD-DhUAP |
| 005 - DATE AND TIME OF LATEST TRANSACTION |
| control field |
20210123115104.0 |
| 008 - FIXED-LENGTH DATA ELEMENTS--GENERAL INFORMATION |
| fixed length control field |
200129m20112003bg 000 0 eng d |
| 020 ## - INTERNATIONAL STANDARD BOOK NUMBER |
| International Standard Book Number |
98430000003463 |
| 040 ## - CATALOGING SOURCE |
| Original cataloging agency |
STX |
| Transcribing agency |
BD-DhUAP |
| Language of cataloging |
Eng |
| Modifying agency |
BD-DhUAP |
| 082 00 - DEWEY DECIMAL CLASSIFICATION NUMBER |
| Classification number |
340.2 KAB |
| Edition number |
23 |
| 100 1# - MAIN ENTRY--PERSONAL NAME |
| Personal name |
Kabir, Md. Ahsan. |
| 245 00 - TITLE STATEMENT |
| Title |
An introduction to jurisprudence and legal theory : |
| Remainder of title |
(student edition) / |
| Statement of responsibility, etc. |
Md. Ahsan Kabir. |
| 250 ## - EDITION STATEMENT |
| Edition statement |
6th ed. |
| 260 ## - PUBLICATION, DISTRIBUTION, ETC. |
| Place of publication, distribution, etc. |
Dhaka : |
| Name of publisher, distributor, etc. |
Shams Publications, |
| Date of publication, distribution, etc. |
c2003 [2014]. |
| 300 ## - PHYSICAL DESCRIPTION |
| Extent |
(18), 406 pages ; |
| Dimensions |
22 cm. |
| 650 ## - SUBJECT ADDED ENTRY--TOPICAL TERM |
| Topical term or geographic name entry element |
Comparative law |
| Form subdivision |
Study and teaching. |
| 650 ## - SUBJECT ADDED ENTRY--TOPICAL TERM |
| Topical term or geographic name entry element |
Jurisprudence |
| Form subdivision |
Study and teaching. |
| 650 ## - SUBJECT ADDED ENTRY--TOPICAL TERM |
| Topical term or geographic name entry element |
Law |
| Form subdivision |
Study and teaching. |
| 942 ## - ADDED ENTRY ELEMENTS (KOHA) |
| Source of classification or shelving scheme |
|
| Koha item type |
Book |